000 00260nam a22001097a 4500
008 170112b xxu||||| |||| 00| 0 eng d
020 _a9780763717865
041 _aeng
080 _22ND
_a618.2
245 _aCOMMUNITY HEALTH NURSING
_cLUNDY, K.S
942 _2udc
_cBK
999 _c2746
_d2746